Partituras para guitarra : (Record no. 4322)

000 -CABECERA
fixed length control field 00875nam a22002177a 4500
003 - IDENTIFICADOR DEL NÚMERO DE CONTROL
control field AR-CdUCM
008 - DATOS DE LONGITUD FIJA--INFORMACIÓN GENERAL
fixed length control field 190308b ||||| |||| 00| 0 spa d
040 ## - FUENTE DE LA CATALOGACIÓN
Agencia/entidad que catalogó originalmente la obra MUNICIPALIDAD PROVINCIAL DEL CUSCO
Entidad que transcribió la catalogación BIBLIOTECA MUNICIPAL DEL CUSCO
082 ## - NÚMERO DE LA CLASIFICACIÓN DECIMAL DEWEY
No. de Clasificación 787.87 /
Notacion interna M97
100 ## - ENTRADA PRINCIPAL--NOMBRE DE PERSONA
Nombre Personal Murguía Huillca, Percy
245 ## - MENCIÓN DE TÍTULO
Título Partituras para guitarra :
Resto del título música arequipeña /
260 ## - PUBLICACIÓN, DISTRIBUCIÓN, ETC.
Lugar de publicación, distribución, etc. Arequipa :
Nombre de la editorial, distribuidor, etc. Imprenta Colca Wasi,
Fecha de publicación, distribución, etc. 2009.
300 ## - DESCRIPCIÓN FÍSICA
Nº de Páginas Extensión 31 páginas ;
Dimensiones 29.5 cm.
505 ## - NOTA DE CONTENIDO CON FORMATO
Nota de contenido formateada Contenido: La chica que me quiera -- Rio de Arequipa -- Quebradita de Chilina -- El chaque de tripas -- Caymeñita -- Palomita ¿donde vais? -- Himno de Arequipa.
650 ## - PUNTO DE ACCESO ADICIONAL DE MATERIA--TÉRMINO DE MATERIA
Descriptor Música para guitarra
9 (RLIN) 13661
650 ## - PUNTO DE ACCESO ADICIONAL DE MATERIA--TÉRMINO DE MATERIA
Descriptor Música folclórica
9 (RLIN) 5852
650 ## - PUNTO DE ACCESO ADICIONAL DE MATERIA--TÉRMINO DE MATERIA
Descriptor Yaravíes - Partituras.
9 (RLIN) 13662
700 ## - PUNTO DE ACCESO ADICIONAL--NOMBRE DE PERSONA
Nombre Personal Murguía Huillca, Percy (transcripción)
9 (RLIN) 13663
942 ## - ELEMENTOS DE PUNTO DE ACCESO ADICIONAL (KOHA)
Fuente de clasificación
Tipo de item Libros-BMC
945 ## - PROCESAMIENTO DE INFORMACIÓN LOCAL (OCLC)
Catalogador afb
Holdings
Estado de retiro (separado) Fuente de clasificación o esquema de estanterías Estado dañado Ubicación Sala donde se ubica Nombre de la colección Fecha de adquisición o compra Costo, precio normal en soles Signatura topográfica Código de Barras Última vez visto (Koha) Tipo de ítem (Koha) Número de Ejemplar
No     Sala Artes Sala Artes Book Cart 2019-03-08 13.00 787.87 / M97 SA0000000069 2019-03-08 Libros-BMC  
No     Sala Artes Sala Artes Book Cart 2019-03-08 13.00 787.87 / M97 / e.2 SA0000000067 2019-03-08 Libros-BMC 2ej.

Powered by Koha